[Event "Rio de Janeiro Duchamp op 2nd"]
[Site "Rio de Janeiro"]
[Date "2018.11.18"]
[Round "6"]
[White "Dos Santos, Vitor Eduardo Mello"]
[Black "Rocha, Vitor Firmo de Souz"]
[Result "1-0"]
[WhiteElo "2054"]
[BlackElo "2174"]
[PlyCount "103"]
[EventDate "2018.11.14"]
[EventType "swiss"]
[EventRounds "9"]
[EventCountry "BRA"]
[SourceTitle "CBM 187 Extra"]
[Source "ChessBase"]
[SourceDate "2018.11.04"]
[SourceVersion "1"]
[SourceVersionDate "2018.11.04"]
[SourceQuality "1"]

1. e4 c6 2. d4 d5 3. e5 Bf5 4. Nf3 e6 5. Be2 Nd7 6. 0-0 Ne7 7. b3 h6 8. c4 Bh7 9. Nc3 Ng6 10. a3 Be7 11. Re1 0-0 12. Bd3 Rc8 13. c5 Re8 14. Qc2 b5 15. b4 a5 16. Kh1 a4 17. Ng1 Ngf8 18. f4 f5 19. Nf3 g5 20. fxg5 hxg5 21. g4 fxg4 22. Nd2 Bxd3 23. Qxd3 Kg7 24. Rg1 Ng6 25. Rxg4 Rf8 26. Qg3 Rf5 27. Nf3 Qf8 28. Bxg5 Rxf3 29. Bxe7 Qf5 30. Rxg6+ Kh7 31. Rg5 Rxg3 32. Rxf5 Rxc3 33. Rf4 Rh3 34. Kg2 Rh5 35. h4 Rf5 36. Raf1 Rg8+ 37. Kh3 Rxf4 38. Rxf4 Rg1 39. Bd6 Rg7 40. h5 Kh6 41. Rg4 Rf7 42. Kh4 Kh7 43. Rg6 Rf1 44. Rxe6 Rh1+ 45. Kg5 Rg1+ 46. Kf4 Rf1+ 47. Ke3 Ra1 48. Re7+ Kh6 49. Rxd7 Rxa3+ 50. Kf4 Rd3 51. e6 a3 52. Be5 1-0

[Event "Rio de Janeiro Duchamp op 2nd"]
[Site "Rio de Janeiro"]
[Date "2018.11.14"]
[Round "1"]
[White "Rodriguez Vila, Andres"]
[Black "Dos Santos, Vitor Eduardo Mello"]
[Result "1-0"]
[WhiteElo "2482"]
[BlackElo "2054"]
[PlyCount "43"]
[EventDate "2018.11.14"]
[EventType "swiss"]
[EventRounds "9"]
[EventCountry "BRA"]
[SourceTitle "CBM 187 Extra"]
[Source "ChessBase"]
[SourceDate "2018.11.04"]
[SourceVersion "1"]
[SourceVersionDate "2018.11.04"]
[SourceQuality "1"]

1. e4 e5 2. Nf3 Nc6 3. Bc4 Bc5 4. 0-0 Nf6 5. d3 a6 6. a4 d6 7. c3 Ba7 8. Re1 0-0 9. Bg5 h6 10. Bh4 g5 11. Nxg5 hxg5 12. Bxg5 Kg7 13. Qf3 Rh8 14. Nd2 Qe7 15. Nf1 Be6 16. Ng3 Nb8 17. d4 Nbd7 18. Rad1 Rae8 19. Rd3 Qf8 20. Nf5+ Bxf5 21. Qxf5 Nh5 22. Qxd7 1-0

[Event "Botafogo Fexerj op"]
[Site "Botafogo"]
[Date "2015.01.24"]
[Round "3"]
[White "Fucs, Paulo Moses"]
[Black "Dos Santos, Vitor Eduardo Mello"]
[Result "0-1"]
[WhiteElo "2207"]
[BlackElo "2053"]
[PlyCount "98"]
[EventDate "2015.01.23"]
[EventType "swiss"]
[EventRounds "6"]
[EventCountry "BRA"]
[SourceTitle "CBM 164 Extra"]
[Source "ChessBase"]
[SourceDate "2015.03.02"]
[SourceVersion "1"]
[SourceVersionDate "2015.03.02"]
[SourceQuality "1"]

1. c4 e5 2. Nc3 Nc6 3. g3 Bc5 4. Bg2 d6 5. e3 a6 6. a3 Nf6 7. Nge2 0-0 8. 0-0 Bb6 9. b4 Bf5 10. d4 Qc8 11. Bb2 Bh3 12. Nd5 Bxg2 13. Nxf6+ gxf6 14. Kxg2 Ne7 15. c5 Ba7 16. Rc1 Qe6 17. Qc2 Rac8 18. Rfe1 Bb8 19. f3 c6 20. e4 Ng6 21. Red1 d5 22. Rd2 Kh8 23. exd5 cxd5 24. Ng1 Rg8 25. Kf2 Ne7 26. Re1 Rcd8 27. Rde2 Nc6 28. Qd2 Qf5 29. Kg2 Rge8 30. a4 Re6 31. b5 axb5 32. axb5 Ne7 33. Nh3 e4 34. fxe4 dxe4 35. Rf1 Qd5 36. Kg1 Rg8 37. Nf4 Bxf4 38. Qxf4 f5 39. Rff2 Rg4 40. Qb8+ Rg8 41. Qc7 h5 42. Rf4 Kh7 43. Rh4 Kg6 44. Qf4 f6 45. Kg2 Rh8 46. Qc7 Qc4 47. Kf2 e3+ 48. Kf1 Qd5 49. Rg2 Qf3+ 0-1

[Event "Botafogo Fexerj op"]
[Site "Botafogo"]
[Date "2015.01.23"]
[Round "2"]
[White "Dos Santos, Vitor Eduardo Mello"]
[Black "Souza, Iago Henrique Da Si"]
[Result "1-0"]
[WhiteElo "2053"]
[BlackElo "1821"]
[PlyCount "71"]
[EventDate "2015.01.23"]
[EventType "swiss"]
[EventRounds "6"]
[EventCountry "BRA"]
[SourceTitle "CBM 164 Extra"]
[Source "ChessBase"]
[SourceDate "2015.03.02"]
[SourceVersion "1"]
[SourceVersionDate "2015.03.02"]
[SourceQuality "1"]

1. e4 c6 2. d4 d5 3. e5 Bf5 4. Nf3 e6 5. Be2 c5 6. 0-0 Nc6 7. c3 Nge7 8. dxc5 Ng6 9. b4 Ngxe5 10. Nd4 Nxd4 11. cxd4 Nd7 12. Nc3 Be7 13. g4 Bg6 14. f4 Be4 15. Bd3 Bxd3 16. Qxd3 Nf6 17. h3 0-0 18. Be3 Qd7 19. a4 b6 20. Rfd1 Rac8 21. a5 bxc5 22. bxc5 Rb8 23. Rdb1 Rfc8 24. Rxb8 Rxb8 25. Rb1 Rxb1+ 26. Qxb1 Bxc5 27. dxc5 d4 28. Qd3 Qc7 29. Qxd4 Qxa5 30. Kg2 h6 31. Bf2 Qc7 32. Qd6 Qa5 33. Bd4 Ne8 34. Qd7 Nc7 35. Qd8+ Kh7 36. Be5 1-0

[Event "Botafogo Fexerj op"]
[Site "Botafogo"]
[Date "2015.01.23"]
[Round "1"]
[White "Gomes, Pedro Pessoa"]
[Black "Dos Santos, Vitor Eduardo Mello"]
[Result "0-1"]
[WhiteElo "1886"]
[BlackElo "2053"]
[PlyCount "66"]
[EventDate "2015.01.23"]
[EventType "swiss"]
[EventRounds "6"]
[EventCountry "BRA"]
[SourceTitle "CBM 164 Extra"]
[Source "ChessBase"]
[SourceDate "2015.03.02"]
[SourceVersion "1"]
[SourceVersionDate "2015.03.02"]
[SourceQuality "1"]

1. e4 e5 2. Nf3 Nc6 3. Bc4 Bc5 4. d4 exd4 5. 0-0 d6 6. c3 dxc3 7. Nxc3 Nge7 8. Nd5 Nxd5 9. exd5 Ne7 10. Re1 0-0 11. Qe2 Ng6 12. Be3 Re8 13. Bb5 Bd7 14. Rad1 a6 15. Bxd7 Qxd7 16. Qc2 Bxe3 17. fxe3 Re7 18. Nd4 Rae8 19. Qb3 Qg4 20. h3 Qc8 21. Kf2 Ne5 22. e4 Nd7 23. Qc2 Nf6 24. Kf3 Rxe4 25. Rxe4 Rxe4 26. g4 Re5 27. Nf5 g6 28. Nxd6 Qd7 29. Nxb7 Rxd5 30. Re1 Rd3+ 31. Ke2 Rxh3 32. Kf1 Qxg4 33. Qg2 Rf3+ 0-1

[Event "Rio de Janeiro Regional Sudeste"]
[Site "Rio de Janeiro"]
[Date "2013.03.31"]
[Round "6"]
[White "Dos Santos, Vitor Eduardo Mello"]
[Black "Mourao, Igor AC Lofredo"]
[Result "0-1"]
[WhiteElo "2033"]
[BlackElo "2087"]
[PlyCount "74"]
[EventDate "2013.03.29"]
[EventType "swiss"]
[EventRounds "6"]
[EventCountry "BRA"]
[SourceTitle "CBM 153 Extra"]
[Source "ChessBase"]
[SourceDate "2013.04.22"]
[SourceVersion "1"]
[SourceVersionDate "2013.04.22"]
[SourceQuality "1"]

1. e4 c5 2. Nf3 Nc6 3. Bb5 g6 4. 0-0 Bg7 5. c3 e5 6. d3 Nge7 7. Qe2 0-0 8. Be3 b6 9. Rd1 d5 10. d4 dxe4 11. Nxe5 Nxe5 12. dxe5 Qc7 13. Bf4 Bxe5 14. Bxe5 Qxe5 15. Nd2 a6 16. Bd3 e3 17. Nc4 exf2+ 18. Qxf2 Qc7 19. Be4 Rb8 20. Qf6 b5 21. Nd6 Bg4 22. Rd2 Rb6 23. Bf3 Bxf3 24. gxf3 Nf5 25. Rad1 Nxd6 26. Rxd6 Rxd6 27. Rxd6 b4 28. h4 bxc3 29. bxc3 c4 30. Kg2 Qc5 31. Rxa6 Qe3 32. a4 Rb8 33. Kg3 Qg1+ 34. Kf4 Re8 35. Ra5 Qh2+ 36. Kg4 h6 37. h5 Qg2+ 0-1

[Event "Rio de Janeiro Estadual Mestres"]
[Site "Rio de Janeiro"]
[Date "2010.07.25"]
[Round "6.4"]
[White "Rangel, Daniel"]
[Black "Dos Santos, Vitor Eduardo Mello"]
[Result "1-0"]
[WhiteElo "2072"]
[BlackElo "2033"]
[PlyCount "71"]
[EventDate "2010.07.17"]
[EventType "swiss"]
[EventRounds "7"]
[EventCountry "BRA"]
[SourceTitle "EXT 2022"]
[Source "ChessBase"]
[SourceDate "2021.10.06"]
[SourceVersion "1"]
[SourceVersionDate "2021.10.06"]
[SourceQuality "1"]

1. d4 d5 2. c4 e6 3. Nc3 Nf6 4. Nf3 c6 5. Bg5 Nbd7 6. e3 Qa5 7. Nd2 Bb4 8. Qc2 0-0 9. Bxf6 Nxf6 10. Bd3 dxc4 11. Nxc4 Qc7 12. a3 Be7 13. b4 b6 14. Ne5 Bb7 15. 0-0 Rac8 16. Rac1 Bd6 17. f4 h6 18. Ne4 Nxe4 19. Bxe4 c5 20. bxc5 bxc5 21. dxc5 Bxc5 22. Qxc5 Qxc5 23. Rxc5 Rxc5 24. Bxb7 Rc3 25. a4 Rb8 26. Ba6 Rxe3 27. Bb5 Re4 28. Nc6 Rb7 29. g3 g6 30. Rd1 Rc7 31. Rd8+ Kg7 32. Ra8 Rd7 33. Kf2 a6 34. Rxa6 Rd2+ 35. Kf3 Re1 36. Ne5 1-0